30 Cerita Untuk Permata Hatiku . BUKU 4

Bibliographic Details
Format: Book
Published: Sungai Buloh, Selangor : Mind to mind 2023
Series:Koleksi Terbaik 30 Cerita Untuk Permata Hatiku
Subjects:

MARC

LEADER 00000cam a2200000 7i4500
001 0000310521
005 20240403143739.0
006 ### ###
007
008 240110s2023 my a ###
020 |a 9789670062907 
040 |a MBPJ   |b eng   |c MBPJ   |e rda 
090 0 0 |a JF   |b TIG 
245 0 0 |a 30 Cerita Untuk Permata Hatiku .   |n BUKU 4 
246 3 3 |a Tiga puluh cerita untuk permata hatiku 
264 1 |a Sungai Buloh, Selangor :   |b Mind to mind   |c 2023 
300 |a 32 pages :   |b colour illustrations ;   |c 26 cm. 
336 |a text  |2 rdacontent 
337 |a unmediated  |2 rdamedia 
338 |a volume  |2 rdacarrier 
490 0 |a Koleksi Terbaik 30 Cerita Untuk Permata Hatiku 
650 0 |a Children's stories, Malay 
999 |a 00407085   |b BUKU   |c PINJAMAN   |e MOBILE LIBRARY PKPJ